| 000 | 01037nam a2200229Ia 4500 | ||
|---|---|---|---|
| 003 | Ost | ||
| 005 | 20260507075014.0 | ||
| 008 | 260507s9999||||xx |||||||||||||| ||und|| | ||
| 040 | _cfsecg | ||
| 041 | _aara | ||
| 082 | _a658.72 | ||
| 100 |
_aحنفي، عبد الغفار _eمؤلف |
||
| 245 | 0 |
_aأساسيات إدارة المواد والإمداد / _c عبد الغفار حنفي |
|
| 260 |
_aالقاهرة: _bدار الجامعة الجديدة للنشر, _c2002 |
||
| 300 |
_a428 صفحة؛ _c24 سم |
||
| 520 | _aالمفاهيم الأساسية لإدارة الإمداد-وظيفة الشراء-سياسة الشراء-طرق الشراء ودورة الشراء-المخازن ووظيفة التخزين-التنظيم الداخلي للمخازن-الرقابة على المخزون وتقييم الأداء | ||
| 653 | _aادارة المخازن | ||
| 653 | _aادارة المشتريات | ||
| 653 | _aالشراء | ||
| 700 |
_a قرقاص، رسمية _eمؤلف ثانوي |
||
| 942 | _cكتاب | ||
| 999 |
_c42192 _d42192 |
||